Dôležitosť zamestnaneckých výhod ako faktor spokojnosti zamestnancov s prácou diplomová práca
Na minha lista:
| Autor principal: | |
|---|---|
| Autor Corporativo: | |
| Outros Autores: | |
| Formato: | Livro |
| Idioma: | eslovaco |
| Publicado em: |
Bratislava
2016
|
| Tags: |
Sem tags, seja o primeiro a adicionar uma tag!
|
MARC
| LEADER | 00000nbm a2200000 4500 | ||
|---|---|---|---|
| 001 | 0218417 | ||
| 005 | 20170222141256.8 | ||
| 041 | 0 | |a slo | |
| 044 | |a SK | ||
| 245 | 1 | 0 | |a Dôležitosť zamestnaneckých výhod ako faktor spokojnosti zamestnancov s prácou |b diplomová práca |c Alexandra Rybáriková ; školiteľ: Rudolf Gálik |
| 264 | 1 | |a Bratislava |c 2016 | |
| 300 | |a 75 s. | ||
| 100 | 1 | |a Rybáriková, Alexandra | |
| 700 | 1 | |a Gálik, Rudolf | |
| 710 | 2 | |a Fakulta podnikového manažmentu EU. Katedra manažmentu | |